00485nam a2200157 i 450000100060000000300090000600500170001500700030003200800410003510000420007624500310011826000580014930000220020765100780022985200200030737503ES-MaACL20230906155603.0t|030311s1917 sp ||||1| spa d1 aDundonald, Thomas Cochrane cEarl of.10aMemorias de Lord Cochrane. aMadrid : bEditorial América, c1917 (fJuan Pueyo) a301 p. ; c21 cm. 4aAmérica española-xHistoria-y1806-1830, Guerras de la Independencia. aES-MaACLjF-835